Economic Growth in Eastern Europe 1965, 1970, and 1975-1980

Saved in:
Bibliographic Details
Format: Book
Language:English
Published: New York Research Project on National Income in East Central Europe 1981
Edition:1. ed.
Series:Occasional Papers of the Research Project on National Income in East Central Europe 65
Subjects:
Tags: Add Tag
No Tags, Be the first to tag this record!

MARC

LEADER 00000nam a2200000 4500
001 c013397
005 20221207073456.7
041 0 |a eng 
044 |a US 
245 1 0 |a Economic Growth in Eastern Europe 1965, 1970, and 1975-1980 
250 |a 1. ed. 
264 1 |a New York  |b Research Project on National Income in East Central Europe  |c 1981 
300 |a 49 s. 
490 1 |a Occasional Papers of the Research Project on National Income in East Central Europe  |v 65 
830 0 |a Occasional Papers of the Research Project on National Income in East Central Europe  |v 65 
610 2 0 |a rast hospodársky 
610 2 0 |a východná Európa 
610 2 0 |a 1965 
610 2 0 |a 1970 
610 2 0 |a 1975-1980